<?xml version="1.0" encoding="UTF-8"?>
<record
    xmlns:xsi="http://www.w3.org/2001/XMLSchema-instance"
    xsi:schemaLocation="http://www.loc.gov/MARC21/slim http://www.loc.gov/standards/marcxml/schema/MARC21slim.xsd"
    xmlns="http://www.loc.gov/MARC21/slim">

  <leader>02088nam a2200325 a 4500</leader>
  <controlfield tag="001">000035659</controlfield>
  <controlfield tag="003">DO-SdBNP</controlfield>
  <controlfield tag="005">20260312135003.0</controlfield>
  <controlfield tag="007">ta</controlfield>
  <controlfield tag="008">111108e1998    dr     fr     001 edspa d</controlfield>
  <datafield tag="040" ind1=" " ind2=" ">
    <subfield code="a">DO-SdBNP</subfield>
    <subfield code="b">spa</subfield>
    <subfield code="c">BNPHU</subfield>
  </datafield>
  <datafield tag="082" ind1=" " ind2="4">
    <subfield code="2">22</subfield>
    <subfield code="b">O74m</subfield>
  </datafield>
  <datafield tag="100" ind1="1" ind2=" ">
    <subfield code="a">Ornes Coiscou, Germ&#xE1;n E.,</subfield>
    <subfield code="d">1919-1998</subfield>
    <subfield code="9">57814</subfield>
  </datafield>
  <datafield tag="245" ind1="1" ind2="3">
    <subfield code="a">El monopolio y su situaci&#xF3;n legal en la Rep&#xFA;blica Dominicana. /</subfield>
    <subfield code="c">Germ&#xE1;n E. Ornes C.; Edici&#xF3;n, Rosa Gilda de Juali&#xE1;n, Amadeo Juli&#xE1;n; pr&#xF3;l., Pelegr&#xED;n Castillo.</subfield>
  </datafield>
  <datafield tag="260" ind1=" " ind2=" ">
    <subfield code="a">Santo Domingo :</subfield>
    <subfield code="b">Banreservas,</subfield>
    <subfield code="c">1998</subfield>
  </datafield>
  <datafield tag="300" ind1=" " ind2=" ">
    <subfield code="a">174 p. ;</subfield>
    <subfield code="c">23 cm.</subfield>
  </datafield>
  <datafield tag="490" ind1="1" ind2=" ">
    <subfield code="a">Banreservas</subfield>
    <subfield code="a">Derecho ;</subfield>
    <subfield code="v">2</subfield>
  </datafield>
  <datafield tag="500" ind1=" " ind2=" ">
    <subfield code="a">Esta colecci&#xF3;n es un programa cultural de la Direcci&#xF3;n de Relaciones P&#xFA;blicas de Difusi&#xF3;n.</subfield>
  </datafield>
  <datafield tag="500" ind1=" " ind2=" ">
    <subfield code="a">Incluye datos biogr&#xE1;ficos del autor en la solapas de las cubiertas.</subfield>
  </datafield>
  <datafield tag="501" ind1=" " ind2=" ">
    <subfield code="a">Con: Ilustraci&#xF3;n de portada: Fragmento del Mural de Vela Zanetti ubicado en la oficina principal de la calle Iabel La Cat&#xF3;lica. </subfield>
  </datafield>
  <datafield tag="502" ind1=" " ind2=" ">
    <subfield code="a">Tesis para el doctorado, Universidad Aut&#xF3;noma de Santo Domingo</subfield>
  </datafield>
  <datafield tag="505" ind1=" " ind2=" ">
    <subfield code="a">Presentaci&#xF3;n. /</subfield>
    <subfield code="r">Dr. Roberto B. Salad&#xED;n Selin. Administrador General  del Banco de Reservas de la Rep&#xFA;blica Dominicana.</subfield>
    <subfield code="t">Pr&#xF3;logo. /</subfield>
    <subfield code="r">Dr. Peregrin Castillo</subfield>
  </datafield>
  <datafield tag="505" ind1=" " ind2=" ">
    <subfield code="a">Introducci&#xF3;n.</subfield>
    <subfield code="r">Primera Parte.</subfield>
    <subfield code="t">Cap&#xED;tulo I. El Monopolio en la sociedad moderna.--</subfield>
    <subfield code="t">Cap&#xED;tulo II.  Formas de establecer o prolongar los monopolios.--</subfield>
    <subfield code="t">Cap&#xED;tulo III. Organizaciones monopolistas y disposiciones legales sobre la materia.--</subfield>
    <subfield code="g">Segunda parte.</subfield>
    <subfield code="t">Cap&#xED;tulo IV. Los monopolios en la &#xE9;poca colonial.-- </subfield>
    <subfield code="t">Cap&#xED;tulo V. Noventa a&#xF1;os de evoluci&#xF3;n de un principio constitucional.-- </subfield>
    <subfield code="t">Cap&#xED;tulo VI. Influencia de ciertas leyes y concesiones en los monopolio.--</subfield>
    <subfield code="t">Cap&#xED;tulo VII. Estado actual de la cuesti&#xF3;n.--</subfield>
    <subfield code="t">Conclusiones.--</subfield>
    <subfield code="t">Jurado de la tesis.--</subfield>
    <subfield code="t">Lista de obras consultadas.</subfield>
  </datafield>
  <datafield tag="590" ind1=" " ind2=" ">
    <subfield code="a">Inventariado 2023 / MF </subfield>
  </datafield>
  <datafield tag="650" ind1=" " ind2="4">
    <subfield code="9">36780</subfield>
    <subfield code="a">Tesis y Disertaciones Acad&#xE9;micas</subfield>
    <subfield code="z">Rep&#xFA;blica Dominicana</subfield>
  </datafield>
  <datafield tag="650" ind1=" " ind2="0">
    <subfield code="a">Monopolios</subfield>
    <subfield code="9">83067</subfield>
  </datafield>
  <datafield tag="830" ind1=" " ind2="0">
    <subfield code="a">Colecci&#xF3;n Banreservas.</subfield>
    <subfield code="p">Derecho ;</subfield>
    <subfield code="n">2</subfield>
    <subfield code="9">61583</subfield>
  </datafield>
  <datafield tag="910" ind1=" " ind2=" ">
    <subfield code="a">MFeliz</subfield>
  </datafield>
  <datafield tag="942" ind1=" " ind2=" ">
    <subfield code="2">ddc</subfield>
    <subfield code="c">LBS1</subfield>
  </datafield>
  <datafield tag="952" ind1=" " ind2=" ">
    <subfield code="0">0</subfield>
    <subfield code="1">0</subfield>
    <subfield code="2">ddc</subfield>
    <subfield code="5">1</subfield>
    <subfield code="7">0</subfield>
    <subfield code="8">PD</subfield>
    <subfield code="a">BNPHU</subfield>
    <subfield code="b">BNPHU</subfield>
    <subfield code="c">CT</subfield>
    <subfield code="d">2011-11-08</subfield>
    <subfield code="o"> </subfield>
    <subfield code="p">35659-10</subfield>
    <subfield code="r">2020-06-25</subfield>
    <subfield code="t">e. 2</subfield>
    <subfield code="w">2020-06-25</subfield>
    <subfield code="y">LBS1</subfield>
  </datafield>
  <datafield tag="952" ind1=" " ind2=" ">
    <subfield code="0">0</subfield>
    <subfield code="1">0</subfield>
    <subfield code="2">ddc</subfield>
    <subfield code="5">1</subfield>
    <subfield code="7">0</subfield>
    <subfield code="8">PD</subfield>
    <subfield code="a">BNPHU</subfield>
    <subfield code="b">BNPHU</subfield>
    <subfield code="c">CT</subfield>
    <subfield code="d">2011-11-08</subfield>
    <subfield code="o"> </subfield>
    <subfield code="p">35659-20</subfield>
    <subfield code="r">2020-06-25</subfield>
    <subfield code="w">2020-06-25</subfield>
    <subfield code="y">LBS1</subfield>
  </datafield>
  <datafield tag="952" ind1=" " ind2=" ">
    <subfield code="0">0</subfield>
    <subfield code="1">0</subfield>
    <subfield code="2">ddc</subfield>
    <subfield code="5">6</subfield>
    <subfield code="7">0</subfield>
    <subfield code="8">DS</subfield>
    <subfield code="a">BNPHU</subfield>
    <subfield code="b">BNPHU</subfield>
    <subfield code="c">CT</subfield>
    <subfield code="d">2022-03-29</subfield>
    <subfield code="e">Donado por Johanna Miese</subfield>
    <subfield code="l">0</subfield>
    <subfield code="o">O74m</subfield>
    <subfield code="p">2023-0585</subfield>
    <subfield code="r">2023-02-02</subfield>
    <subfield code="t">e.3</subfield>
    <subfield code="w">2023-02-02</subfield>
    <subfield code="y">LBS1</subfield>
  </datafield>
  <datafield tag="999" ind1=" " ind2=" ">
    <subfield code="c">35150</subfield>
    <subfield code="d">35150</subfield>
  </datafield>
</record>
